01223cam a22003374a 450000100090000000300090000900500170001800800410003501000170007602000180009302000150011102500310012603700630015704000230022004200100024304300120025305000250026508200130029024501350030326000490043830000250048749000560051250400560056852000260062465000450065065100510069570000210074670000180076770000190078585600810080414810099BDDh-ASL20231015025753.0070417s20072009ii bf 000 0 eng  a 2007394476 a9780195681574 a0195681576 aI-E-2007-394476; 61-92; 34 bLibrary of Congress -- New Delhi Overseas OfficecRs650.00 aDLCcDLCdBDDh-ASL alcode aa-ii---00aQ175.52.I4bS62 2007 a954bSOC00aSocial history of science in colonial India /cedited by S. Irfan Habib and Dhruv Raina ; [contributors, Zaheer Baber ... et al.]. aNew Delhi :bOxford University Press,c2009. axl, 395 p. ;c22 cm.0 aOxford in Indian readings. Themes in Indian history aIncludes bibliographical references (p. [379]-392). aContributed articles. 0aSciencexSocial aspectszIndiaxHistory. 0aIndiaxHistoryyBritish occupation, 1765-1947.1 aHabib, S. Irfan.1 aRaina, Dhruv.1 aBaber, Zaheer.413Table of contents onlyuhttp://www.loc.gov/catdir/toc/fy0710/2007394476.html